| 000 | 01033nam a2200205Ia 4500 | ||
|---|---|---|---|
| 003 | Ost | ||
| 005 | 20260507075306.0 | ||
| 008 | 260507s9999||||xx |||||||||||||| ||und|| | ||
| 040 | _cfsecg | ||
| 041 | _aara | ||
| 082 | _a330 | ||
| 100 |
_aسنقرط، باسل عبد الغني _eمؤلف |
||
| 245 | 0 |
_aأصول المحاسبة / _c باسل عبد الغني سنقرط |
|
| 260 |
_aعمان: _bدار أسامة, _c2008 |
||
| 300 |
_a240 صفحة؛ _bإيضاحات ؛ _c24 سم |
||
| 504 | _aملاحق ص.195 | ||
| 520 | _aالجرد و التسويات الجردية ، جرد الحسابات الوهمية و جرد الاصول المتداولة و الاصول الثابتة أ اعداد القوائم المالية الختامية ، الطرق المحاسبية الأكثر استخداما : الطريقة الايطالية ، الفرنسية ، الانجليزية و الطريقة الامريكية مع وجود أسئلة و تمارين . | ||
| 653 | _aالمحاسبة | ||
| 942 | _cكتاب | ||
| 999 |
_c43816 _d43816 |
||